[Event "Moscow Aeroflot op-A"]
[Site "Moscow"]
[Date "2024.03.05"]
[Round "6"]
[White "Derjabin, Ilja"]
[Black "Tkachev, Grigory"]
[Result "1-0"]
[WhiteElo "2333"]
[BlackElo "2309"]
[PlyCount "149"]
[EventDate "2024.03.03"]
[EventType "swiss"]
[EventRounds "9"]
[EventCountry "RUS"]
[SourceTitle "CB11_2024"]
[SourceDate "2024.03.13"]
[SourceVersion "1"]
[SourceVersionDate "2024.03.13"]
[SourceQuality "1"]

1. d4 Nf6 2. c4 c5 3. d5 b5 4. e4 Nxe4 5. Qf3 Nd6 6. Nc3 Bb7 7. Bf4 b4 8. Nd1 e6 9. Nh3 Na6 10. Bd3 Qe7 11. 0-0 e5 12. Re1 f6 13. Bd2 0-0-0 14. a3 b3 15. Bf1 g5 16. Qxb3 h5 17. Qc2 Qg7 18. Kh1 g4 19. Ng1 h4 20. b4 f5 21. Nc3 g3 22. fxg3 hxg3 23. h3 Be7 24. Rab1 Rdg8 25. Na4 Ne4 26. Rxe4 fxe4 27. Qxe4 Qg6 28. Qxg6 Rxg6 29. Bd3 Rf6 30. b5 Nb8 31. Bg5 Rf7 32. Bxe7 Rxe7 33. Nxc5 d6 34. Ne4 Rh6 35. Nxg3 Rf6 36. Ne4 Rh6 37. Nf3 Nd7 38. Nfg5 Nc5 39. Nxc5 dxc5 40. Ne4 Rf7 41. Nxc5 Kc7 42. Re1 Bc8 43. Ne4 Bxh3 44. Kg1 Rg7 45. g3 Bf5 46. Re3 Rgh7 47. Nf2 Bxd3 48. Rxd3 a6 49. a4 axb5 50. axb5 Kb6 51. d6 Rh8 52. Ne4 Rh1+ 53. Kg2 Re1 54. d7 Rxe4 55. d8Q+ Rxd8 56. Rxd8 Rxc4 57. Rd5 e4 58. Re5 Rc2+ 59. Kh3 Re2 60. Kg4 Rf2 61. Rxe4 Kxb5 62. Kg5 Rf8 63. g4 Kc5 64. Kh6 Kd5 65. Re1 Kd6 66. g5 Rg8 67. g6 Rh8+ 68. Kg7 Rh2 69. Kg8 Kd7 70. g7 Rh3 71. Re4 Kd8 72. Re5 Kd7 73. Kf7 Rf3+ 74. Kg6 Kd6 75. Rg5 1-0

[Event "Titled Tuesday intern op 13th Feb Late"]
[Site "Chess.com INT"]
[Date "2024.02.13"]
[Round "8"]
[White "Bornholdt, Joa Max"]
[Black "Derjabin, Ilja"]
[Result "0-1"]
[WhiteElo "2268"]
[BlackElo "2333"]
[PlyCount "122"]
[EventDate "2024.02.13"]
[EventType "swiss (blitz)"]
[EventRounds "11"]
[EventCountry "USA"]
[SourceTitle "CB08_2024"]
[SourceDate "2024.02.21"]
[SourceVersion "1"]
[SourceVersionDate "2024.02.21"]
[SourceQuality "1"]

1. e4 e6 2. d4 d5 3. e5 c5 4. c3 Qa5 5. dxc5 Nc6 6. Nf3 Qc7 7. b4 a5 8. Bb5 Bd7 9. Bxc6 Bxc6 10. 0-0 Ne7 11. Qe2 Ng6 12. h4 axb4 13. cxb4 d4 14. Nbd2 Nf4 15. Qd1 d3 16. Re1 Be7 17. Nc4 Ne2+ 18. Rxe2 dxe2 19. Qxe2 0-0 20. Bg5 Bb5 21. Qe4 h6 22. Bxe7 Qxe7 23. Nd6 Bc6 24. Qf4 Bxf3 25. Qxf3 Qxh4 26. Qxb7 Qd4 27. Re1 Rxa2 28. Qf3 Qxb4 29. Rc1 Qb2 30. Qe3 Rfa8 31. c6 Qxc1+ 32. Qxc1 Ra1 33. Qxa1 Rxa1+ 34. Kh2 Rc1 35. Nc8 Kf8 36. f4 Rxc6 37. Nd6 Rxd6 38. exd6 Ke8 39. Kg3 Kd7 40. f5 exf5 41. Kf4 Kxd6 42. Kxf5 Kd5 43. Kf4 Kd4 44. Kf3 f5 45. Kf4 g6 46. g3 Kd5 47. Kf3 Ke5 48. Ke3 g5 49. Kf3 h5 50. Ke3 f4+ 51. gxf4+ gxf4+ 52. Kf3 Kf5 53. Kf2 Kg4 54. Kg2 f3+ 55. Kf2 Kf4 56. Kf1 Kg3 57. Kg1 h4 58. Kh1 h3 59. Kg1 f2+ 60. Kf1 h2 61. Ke2 h1Q 0-1

[Event "Titled Tuesday intern op 13th Feb Early"]
[Site "Chess.com INT"]
[Date "2024.02.13"]
[Round "9"]
[White "Derjabin, Ilja"]
[Black "Urazayev, Arystanbek"]
[Result "1-0"]
[WhiteElo "2333"]
[BlackElo "2476"]
[PlyCount "81"]
[EventDate "2024.02.13"]
[EventType "swiss (blitz)"]
[EventRounds "11"]
[EventCountry "USA"]
[SourceTitle "CB08_2024"]
[SourceDate "2024.02.21"]
[SourceVersion "1"]
[SourceVersionDate "2024.02.21"]
[SourceQuality "1"]

1. d4 Nf6 2. c4 g6 3. Nc3 Bg7 4. e4 d6 5. Nge2 0-0 6. Ng3 a5 7. Be2 h5 8. 0-0 a4 9. Bg5 a3 10. b3 Nc6 11. d5 Nh7 12. Bd2 Nd4 13. Bxh5 gxh5 14. Nxh5 e5 15. dxe6 fxe6 16. Nxg7 Kxg7 17. Be3 Nc6 18. f4 Bd7 19. Rf3 Kh8 20. Nb5 e5 21. f5 Qh4 22. Rh3 Qxe4 23. Rxh7+ Kg8 24. Rxd7 Qxe3+ 25. Kh1 Rxf5 26. Qg4+ Qg5 27. Qxg5+ Rxg5 28. Nxc7 Rf8 29. Ne6 Rgf5 30. Nxf8 Kxf8 31. Rxb7 e4 32. Re1 Rf2 33. Kg1 Rxa2 34. Rxe4 Ne5 35. Rh4 Kg8 36. Rhh7 Ra1+ 37. Kf2 a2 38. Ra7 Rb1 39. Rhg7+ Kf8 40. Rgb7 Rb2+ 41. Kg3 1-0

[Event "Titled Tuesday intern op 13th Feb Early"]
[Site "Chess.com INT"]
[Date "2024.02.13"]
[Round "10"]
[White "Yuan, Qingyu"]
[Black "Derjabin, Ilja"]
[Result "1-0"]
[WhiteElo "2360"]
[BlackElo "2333"]
[PlyCount "63"]
[EventDate "2024.02.13"]
[EventType "swiss (blitz)"]
[EventRounds "11"]
[EventCountry "USA"]
[SourceTitle "CB08_2024"]
[SourceDate "2024.02.21"]
[SourceVersion "1"]
[SourceVersionDate "2024.02.21"]
[SourceQuality "1"]

1. e4 e6 2. d4 d5 3. Nd2 Nf6 4. e5 Ne4 5. Nxe4 dxe4 6. Be3 c5 7. dxc5 Nd7 8. Ne2 Qa5+ 9. c3 Nxe5 10. b4 Qc7 11. Nd4 Be7 12. Nb5 Qd7 13. Nd6+ Bxd6 14. cxd6 0-0 15. Qd4 Nd3+ 16. Bxd3 exd3 17. Rd1 b6 18. 0-0 Bb7 19. Rxd3 Rac8 20. c4 e5 21. Qh4 Qc6 22. Qg3 Qxc4 23. Bh6 g6 24. d7 Rcd8 25. Qxe5 f6 26. Qe7 Qf7 27. Bxf8 Qxf8 28. Re1 Bc6 29. Rd6 Bb5 30. h4 Qxe7 31. Rxe7 h5 32. Rxf6 1-0

[Event "Titled Tuesday intern op 16th Jan Early"]
[Site "Chess.com INT"]
[Date "2024.01.16"]
[Round "4"]
[White "Cardozo Munar, Carlos Eduardo"]
[Black "Derjabin, Ilja"]
[Result "0-1"]
[WhiteElo "2043"]
[BlackElo "2333"]
[PlyCount "108"]
[EventDate "2024.01.16"]
[EventType "swiss (blitz)"]
[EventRounds "11"]
[EventCountry "USA"]
[SourceTitle "CB04_2024"]
[SourceDate "2023.10.16"]
[SourceVersion "1"]
[SourceVersionDate "2023.10.16"]
[SourceQuality "1"]

1. g3 c5 2. Bg2 Nc6 3. Nf3 d5 4. 0-0 e5 5. d3 Nge7 6. Nbd2 Ng6 7. c3 Be7 8. a3 a5 9. e4 d4 10. h4 dxc3 11. bxc3 Qxd3 12. Bb2 Bg4 13. Re1 Rd8 14. Qe2 Qxe2 15. Rxe2 0-0 16. Nf1 b5 17. Ne3 Be6 18. a4 b4 19. cxb4 axb4 20. h5 Nh8 21. Nxe5 Nxe5 22. Bxe5 c4 23. a5 f6 24. Bc7 Rc8 25. Bb6 b3 26. e5 c3 27. a6 c2 28. Nxc2 bxc2 29. Rc1 Bc4 30. Rexc2 Bxa6 31. Rxc8 Rxc8 32. Rxc8+ Bxc8 33. exf6 Bxf6 34. Be3 Nf7 35. Bd5 h6 36. Kg2 Bg4 37. Bf3 Bxf3+ 38. Kxf3 Bg5 39. Bd4 Nd6 40. g4 Kf7 41. Kg3 Bf6 42. Be3 Ne4+ 43. Kf3 Ng5+ 44. Kg3 Ke6 45. f4 Ne4+ 46. Kf3 Kd5 47. Bc1 Kd4 48. Be3+ Kd3 49. Bc1 Nd6 50. g5 Bd4 51. Kg4 Ke4 52. Bd2 Nf5 53. Bb4 Ne3+ 54. Kg3 Nd5 0-1

[Event "Titled Tuesday intern op 16th Jan Early"]
[Site "Chess.com INT"]
[Date "2024.01.16"]
[Round "3"]
[White "Derjabin, Ilja"]
[Black "Fernandez Guillen, Ernesto J"]
[Result "0-1"]
[WhiteElo "2333"]
[BlackElo "2465"]
[PlyCount "70"]
[EventDate "2024.01.16"]
[EventType "swiss (blitz)"]
[EventRounds "11"]
[EventCountry "USA"]
[SourceTitle "CB04_2024"]
[SourceDate "2023.10.16"]
[SourceVersion "1"]
[SourceVersionDate "2023.10.16"]
[SourceQuality "1"]

1. d4 Nf6 2. c4 e6 3. Nc3 Bb4 4. a3 Bxc3+ 5. bxc3 b6 6. f3 Ba6 7. e4 d5 8. e5 Nfd7 9. cxd5 Bxf1 10. Kxf1 exd5 11. Nh3 0-0 12. f4 c5 13. Ra2 Nc6 14. Ng5 h6 15. Nf3 Rc8 16. f5 cxd4 17. cxd4 Re8 18. h4 Na5 19. Rh3 Qc7 20. Bf4 Qc4+ 21. Re2 Nc5 22. Bxh6 Ne4 23. Bxg7 Kxg7 24. Ng5 Qc1 25. Re1 Qxd1 26. Rxd1 Nxg5 27. hxg5 Rh8 28. Rdd3 Rxh3 29. gxh3 Rh8 30. a4 Rh5 31. Rg3 Rh4 32. g6 Rf4+ 33. Ke2 Rxf5 34. gxf7+ Kxf7 35. Rf3 Ke6 0-1

[Event "Titled Tuesday intern op 14th Nov Early"]
[Site "Chess.com INT"]
[Date "2023.11.14"]
[Round "1"]
[White "Derjabin, Ilja"]
[Black "Dahlgren, James Allen"]
[Result "1-0"]
[WhiteElo "2333"]
[BlackElo "1770"]
[PlyCount "37"]
[EventDate "2023.11.14"]
[EventType "swiss (blitz)"]
[EventRounds "11"]
[EventCountry "USA"]
[SourceTitle "CB47_2023"]
[SourceDate "2023.11.22"]
[SourceVersion "1"]
[SourceVersionDate "2023.11.22"]
[SourceQuality "1"]

1. d4 e6 2. c4 c5 3. d5 Nf6 4. Nc3 exd5 5. cxd5 d6 6. e4 g6 7. Nge2 Bg7 8. Ng3 0-0 9. Be2 Re8 10. 0-0 a6 11. a4 Nbd7 12. f4 Qc7 13. e5 dxe5 14. f5 Nf8 15. d6 Qd7 16. Bg5 gxf5 17. Nxf5 Qxf5 18. Rxf5 Bxf5 19. Qf1 1-0

[Event "Titled Tuesday intern op 14th Nov Early"]
[Site "Chess.com INT"]
[Date "2023.11.14"]
[Round "2"]
[White "Derjabin, Ilja"]
[Black "Kozak, Antoni"]
[Result "0-1"]
[WhiteElo "2333"]
[BlackElo "2442"]
[PlyCount "114"]
[EventDate "2023.11.14"]
[EventType "swiss (blitz)"]
[EventRounds "11"]
[EventCountry "USA"]
[SourceTitle "CB47_2023"]
[SourceDate "2023.11.22"]
[SourceVersion "1"]
[SourceVersionDate "2023.11.22"]
[SourceQuality "1"]

1. d4 Nf6 2. c4 e6 3. Nc3 d5 4. cxd5 exd5 5. Bg5 c6 6. e3 Be6 7. Bd3 Nbd7 8. Nge2 h6 9. Bh4 g5 10. Bg3 Nh5 11. Qc2 Nxg3 12. Nxg3 h5 13. Nf5 h4 14. 0-0-0 Qa5 15. Kb1 0-0-0 16. f3 Kb8 17. Rhe1 Nb6 18. e4 Bxf5 19. exf5 Bd6 20. h3 Rhe8 21. a3 Bg3 22. Rxe8 Rxe8 23. Ne2 Bd6 24. Qd2 Qxd2 25. Rxd2 Re3 26. Kc2 Kc7 27. Nc3 Re1 28. Rd1 Re7 29. Rd2 Nc8 30. Re2 Rxe2+ 31. Nxe2 Be7 32. f4 Nd6 33. fxg5 Bxg5 34. Ng1 Bf6 35. Nf3 b6 36. b4 Kd7 37. Kd2 b5 38. Ne5+ Kc7 39. Ke3 Bxe5 40. dxe5 Nc4+ 41. Kd4 Kd7 42. Be2 Ke7 43. f6+ Ke8 44. Bh5 Kf8 45. Bg4 Nxa3 46. Bd7 Nc2+ 47. Kc5 d4 48. Bf5 Ne3 49. Be4 d3 50. Kd4 d2 51. Kxe3 d1Q 52. Bf3 Qc1+ 53. Ke4 Qc4+ 54. Kf5 Qxb4 55. Kg5 Qc3 56. Be4 Qc5 57. Bf5 Qxe5 0-1

[Event "Titled Tuesday intern op 26th Sep Early"]
[Site "Chess.com INT"]
[Date "2023.09.26"]
[Round "5"]
[White "Cardozo Munar, Carlos Eduardo"]
[Black "Derjabin, Ilja"]
[Result "0-1"]
[WhiteElo "2043"]
[BlackElo "2333"]
[PlyCount "224"]
[EventDate "2023.09.26"]
[EventType "swiss (blitz)"]
[EventRounds "11"]
[EventCountry "USA"]
[SourceTitle "EXT 2024"]
[Source "ChessBase"]
[SourceDate "2023.10.10"]
[SourceVersion "1"]
[SourceVersionDate "2023.10.10"]
[SourceQuality "1"]

1. e4 c5 2. Nf3 d6 3. Nc3 Nf6 4. Bc4 e5 5. 0-0 Be6 6. Bb5+ Bd7 7. d3 Bxb5 8. Nxb5 Be7 9. c3 h6 10. Re1 a6 11. Na3 0-0 12. d4 Nbd7 13. dxe5 dxe5 14. Nc4 Qc7 15. a4 Rfd8 16. Qc2 b5 17. axb5 axb5 18. Rxa8 Rxa8 19. Ne3 Nb6 20. Nd5 Nfxd5 21. exd5 Bd6 22. Qb3 Qd7 23. Nxe5 Bxe5 24. Rxe5 Ra1 25. Re1 Qxd5 26. Qxb5 Nc4 27. b3 Qe4 28. Qe8+ Qxe8 29. Rxe8+ Kh7 30. Re1 Na5 31. b4 Nb3 32. Bd2 Ra2 33. Be3 c4 34. h4 Rc2 35. b5 Rxc3 36. b6 Na5 37. Ra1 Nc6 38. Rb1 Rb3 39. Rxb3 cxb3 40. Bc1 Kg6 41. Kf1 Kf5 42. Ke2 Ke4 43. Kd2 Kd4 44. Bb2+ Kc5 45. Bxg7 h5 46. Kc3 Kxb6 47. Kxb3 Kc5 48. Kc3 Kd5 49. Kd3 Ke6 50. Ke3 Kf5 51. Kf3 Ne7 52. Bc3 Ng6 53. g3 Ne7 54. Bb4 Nd5 55. Bd2 f6 56. Be3 Ne7 57. Bd2 Nc6 58. Bh6 Nd4+ 59. Kg2 Nc6 60. Be3 Ne5 61. f3 Nc4 62. Kf2 Nd6 63. Bd2 Nf7 64. Ke3 Ne5 65. Be1 Nc4+ 66. Kd4 Nd6 67. Bf2 Nb5+ 68. Ke3 Nc3 69. Kd2 Nd5 70. Ke1 Ne7 71. Kf1 Ng6 72. Kg2 Ne5 73. Kh3 Nxf3 74. Kg2 Ne5 75. Kh3 Ke4 76. Kg2 f5 77. Bb6 Ng4 78. Bd8 Ne3+ 79. Kh3 Kf3 80. Bc7 Ng4 81. Bb8 Nf2+ 82. Kh2 Ne4 83. Bc7 Nd2 84. Bb8 Nf1+ 85. Kh3 Ne3 86. Bc7 Nd1 87. Bb8 Nc3 88. Kh2 Ne4 89. Kh3 Kf2 90. Bc7 Kg1 91. Bb8 Kh1 92. Ba7 Nf6 93. Bb6 Ng4 94. Ba7 Ne5 95. Bb6 Nf3 96. Ba7 Ng1+ 97. Bxg1 Kxg1 98. g4 fxg4+ 99. Kg3 Kh1 100. Kf4 Kh2 101. Kg5 g3 102. Kxh5 g2 103. Kh6 g1Q 104. h5 Qg4 105. Kh7 Qxh5+ 106. Kg7 Qf5 107. Kh6 Qg4 108. Kh7 Kg3 109. Kh6 Kf4 110. Kh7 Kf5 111. Kh8 Kf6 112. Kh7 Qg7# 0-1

[Event "Titled Tuesday intern op 19th Sep Early"]
[Site "Chess.com INT"]
[Date "2023.09.19"]
[Round "11"]
[White "Domingo Nunez, Ruben"]
[Black "Derjabin, Ilja"]
[Result "1-0"]
[WhiteElo "2417"]
[BlackElo "2333"]
[PlyCount "31"]
[EventDate "2023.09.19"]
[EventType "swiss (blitz)"]
[EventRounds "11"]
[EventCountry "USA"]
[SourceTitle "EXT 2024"]
[Source "ChessBase"]
[SourceDate "2023.10.10"]
[SourceVersion "1"]
[SourceVersionDate "2023.10.10"]
[SourceQuality "1"]

1. c4 c5 2. Nf3 Nf6 3. Nc3 g6 4. g3 Bg7 5. Bg2 0-0 6. 0-0 Nc6 7. d4 cxd4 8. Nxd4 Nxd4 9. Qxd4 Qa5 10. Qe3 Qh5 11. Qxe7 Re8 12. Qd6 Ng4 13. h3 Ne5 14. Nd5 Qxe2 15. Nc7 Nxc4 16. Qd1 1-0